| 000 | 00660cam a2200241 4500 | ||
|---|---|---|---|
| 008 | 090401t1999 xxu||||| |||| 00| 0 eng d | ||
| 020 | _a055013249X | ||
| 035 | _a(Sirsi) u98577 | ||
| 041 | _aeng | ||
| 050 | _a600.03 | ||
| 100 |
_aWalker, P.M.B _xEditor |
||
| 245 | _aChambers materials science and technology dictionary. | ||
| 260 |
_aEdinburgh _bChambers _c1999 |
||
| 300 | _a346p. ; 22cm. | ||
| 350 | _a9.99 | ||
| 650 | _aBUILT ENVIRONMENT-BUILDING MATERIALS | ||
| 650 | _aDICTIONARIES | ||
| 650 | _aMANUFACTURING | ||
| 650 | _aTECHNOLOGY | ||
| 690 | _aBUILDING AND CONSTRUCTION-HANDBOOKS AND REFERENCE | ||
| 942 | _n0 | ||
| 948 | _c08/08/1997 | ||
| 999 |
_c99185 _d99185 |
||